000 01762cam a22004694i 4500
003 PE-LiUPU
005 20250731173025.0
008 150623s r 000 0 d
020 _a1563380129
035 _a(Sirsi) i9781563380129
040 _aPE-LiUPU
_bspa
_cPE-LiUPU
_erda
049 _aPRUA
082 0 4 _a296.090 14
_bF36
_221
100 1 _aNickelsburg, George,
_eautor.
245 1 0 _aFaith and piety in early Judaism :
_btexts and documents /
_cGeorge W.E. Nickelsburg and Michael E. Stone.
264 1 _aHarrisburg, Pennsylvania :
_bTrinity Press International,
_c1991.
300 _a234 páginas ;
_c23 centímetros
336 _atext
_2rdacontent
337 _aunmediated
_2rdamedia
338 _avolume
_2rdacarrier
504 _aIncluye bibliografía.
505 0 _aSects and Parties. -Temple and cult. -Ideals of piety. -Deliverance, judment, and vindication an early judgment Oracle. -The agents of Fivine deliverance. -Lady wisdom and Israel.
526 _aSEG42
526 _aSEG41
526 _aSEG40
526 _aSEG39
526 _aP94
526 _aP87
526 _aP86
526 _aP85
526 _aP77
526 _aP76
526 _aP35
650 0 4 _aJudaísmo
_xDoctrinas
_xHistoria
_vFuentes.
650 0 4 _aJudaísmo
_xHistoria
_yPeríodo post-exílico, 586 aC-210 dC
_vFuentes.
942 _2ddc
_cBOOK
949 _a296.090 14 F36
_wDEWEY
_c1
_i47898
_lCCODEBUL1
_mBUL
_r0
_sY
_tBOOK
_u2015-6-24
_xTEOLOGIA
_PP35
_0COMPRA
_o.STAFF. Colección General
994 _aC0
_bPEPRU
596 _a1
999 _a296.090 14 F36
_wDEWEY
_c24371
_i47898
_f2021-11-11
_g5
_lCCODEBUL1
_mBUL
_r0
_sY
_tBOOK
_u2015-6-24
_xTEOLOGIA
_PP35
_0COMPRA
_o.STAFF. Colección General
_d24371
980 _81
_gALBERTO SANCHEZ Responsable de Automatización